000
00311nam a22001217a 4500
008
170628b xxu||||| |||| 00| 0 eng d
041
_a
eng
080
_2
5 ED
_a
82
100
_a
21
101
_a
GJL
245
_a
GENEREFLECTING A GUIDE TO READING INTERESTS GENRE FICTION
_c
HERALD.D.T
942
_2
udc
_c
BK
999
_c
19336
_d
19336